Matemática moderna : primer curso del ciclo basico y del comercial /

Guardado en:
Autor Principal: López, Antonio Roberto
Formato: Libro
Publicado: Buenos Aires : Stella, 1971
Materias:
Etiquetas: Agregar Etiqueta
Sin Etiquetas, Sea el primero en etiquetar este registro!
LEADER 00529nam a22001575a 4500
001 CEM.cems004014
005 20060216000000.0
008 130507s1971##################000#0#####d
003 CEMS
082 0 4 |a 510 
100 1 |a López, Antonio Roberto 
245 1 0 |a Matemática moderna :  |b primer curso del ciclo basico y del comercial / 
260 |a Buenos Aires :  |b Stella,  |c 1971 
653 |a Matematica moderna 
859 |a CEMS  |b BIB. CEMS - 11 de abril  |h 510  |i L881/1  |p 13903.86  |t Ej.3 
859 |a CEMS  |b BIB. CEMS - 11 de abril  |h 510  |i L881/1  |p 5226.76  |t Ej.2